000 00311nam a22001457a 4500
008 210302b ||||| |||| 00| 0 eng d
020 _a9780716752516
041 _aeng
080 _27th
_a159.9
082 _a159.9
100 _a48
101 _aPSI
245 _aPsychology
_cMyers, D. G
942 _2udc
_cBK
999 _c55473
_d55473